Представление документа в формате MARC21

ПолеНазваниеЗначение
  Тип записи a
  Библиографический уровень m
001 Контрольный номер BIBLIOCLUB\0000684546
005 Дата корректировки 20230117154115.7
006 m o d
007 Элементы данных для физической характеристики c|||||||||||||
008 Кодируемые данные s2017 rus o rus d
020 Индекс ISBN __
a ISBN 5-238-00821-Х
041 Код языка издания 0_
a Код языка текста rus
084 Индекс другой классификации/Индекс ББК __
a Индекс другой классификации/Индекс ББК 65.291.33я73
b Номер единицы LBC/PL
2 Источник индекса rubbk
084 Индекс другой классификации/Индекс ББК __
a Индекс другой классификации/Индекс ББК 79.2я73
b Номер единицы LBC/PL
2 Источник индекса rubbk
245 Заглавие 10
a Заглавие Основы выставочно-ярмарочной деятельности
b Продолж. заглавия учебное пособие
c Ответственность Л. Е. Стровский, Е. Д. Фролова, Д. Л. Стровский, Ю. В. Осинцев, Е. А. Демченко
c Ответственность ред. Л. Е. Стровский
260 Выходные данные __
a Место издания Москва
b Издательство Юнити-Дана
c Дата издания 2017
300 Физическое описание __
a Объем 289 с.
504 Библиография __
a Библиография Библиогр. в кн
653 Ключевые слова 1_
a Ключевые слова Учебник для высшей школы
700 Другие авторы _1
a Другие авторы Демченко Е. А.
700 Другие авторы _1
a Другие авторы Осинцев Ю. В.
700 Другие авторы _1
a Другие авторы Стровский Д. Л.
700 Другие авторы _1
a Другие авторы Стровский Л. Е.
700 Другие авторы _1
a Другие авторы Фролова Е. Д.
702 _1
a Стровский
b Л. Е.
4 340
856 Электронный адрес документа 40
3 Область применения данных поля Университетская библиотека ONLINE
u URL https://biblioclub.ru/index.php?page=book&id=684546
952 Тип литературы __
c Вид литературы учебное пособие